000 00430nam a2200145Ia 4500
008 151213s9999 xx 000 0 und d
100 _aRostman . Morine & Guata Mrine
245 _aDiscovering Your Language
_cRostman . Morine & Guata Mrine
260 _aNew York
_bWinston
_c1963
300 _a8496 p.
650 _aEnglish Literature
650 _aEnglish Literature
700 _aRostman . Morine & Guata Mrine
999 _c4333
_d4333